000 00527nam a2200181 i 4500
001 42212
003 ES-MaACL
005 20250723061857.0
007 t|
008 030313s1930 sp ||||1| spa d
100 1 _aCastillejo, José (
_d1877-1945)
_9159931
245 1 0 _aEjercicios y casos de Derecho Romano /
_cpor José Castillejo.
260 _aMadrid :
_b[s.n.],
_c[1930] (
_fAldecoa)
300 _a47 p. ;
_c17 cm.
650 0 7 _aDerecho romano
_2embne
_911764
852 _aES-MaACL
_j1784-F-14
999 _c42212
_d42212